| 000 | 00823nam a2200253Ia 4500 | ||
|---|---|---|---|
| 003 | OSt | ||
| 005 | 20220927105635.0 | ||
| 006 | a|||||r|||| 00| 0 | ||
| 007 | ta | ||
| 008 | 220926b |||||||| |||| 00| 0 eng d | ||
| 020 | _a9789211283150 | ||
| 024 | _a180292 | ||
| 037 | _cReference Collections | ||
| 040 |
_aRTL _cRTL _beng |
||
| 041 |
_2eng _aeng |
||
| 082 | _a"X:77.49m, P7/UN" | ||
| 110 | _a"UNITED NATIONS, ECONOMIC AND SOCIAL COMMISSION FOR WESTERN ASIA" | ||
| 245 | 0 | _aAnalysis of performance and assessment of growth and productivity in the ESCOO A region. | |
| 260 |
_aNew _bYork UN _c2007 |
||
| 300 |
_a"v,29p." _ccm. |
||
| 700 | _a"UNITED NATIONS, ECONOMIC AND SOCIAL COMMISSION FOR WESTERN ASIA" | ||
| 942 |
_h"X:77.49m, P7/UN" _cCC |
||
| 999 |
_c693564 _d693564 |
||